Southville International School and Colleges
Your cart is empty.
  • Cart
  • Lists
    Public lists Eva Luna New books Lux_list list_1
    Your lists Log in to create your own lists
  • Log in to your account
  • Your cookies
  • Search history
Southville International School and Colleges
  • Advanced search
  • Recent comments
  • Most popular
  • Libraries

Log in to your account

Log in with GOOGLE


If you do not have an external account, but do have a local account, you can still log in:

  1. Home
  2. MARC view: Invitation to mathematics: K :
Normal view MARC view ISBD view

Invitation to mathematics: K : (Record no. 102401)

[ view plain ]
MARC details
000 -LEADER
fixed length control field 00558nam a2200181 a 4500
005 - DATE AND TIME OF LATEST TRANSACTION
control field 20140412111235.0
008 - FIXED-LENGTH DATA ELEMENTS--GENERAL INFORMATION
fixed length control field 010329s19uu xx 00 eng d
020 ## - INTERNATIONAL STANDARD BOOK NUMBER
International Standard Book Number 0-673-23530-0
050 ## - LIBRARY OF CONGRESS CALL NUMBER
Classification number TR(GS 510
Item number Se149 1987
100 ## - MAIN ENTRY--PERSONAL NAME
Personal name Shepardson, Richard D.
245 ## - TITLE STATEMENT
Title Invitation to mathematics: K :
Statement of responsibility, etc Richard D. Shepardson.
Remainder of title practice duplicating masters /
250 ## - EDITION STATEMENT
Edition statement Teacher Edition
260 ## - PUBLICATION, DISTRIBUTION, ETC. (IMPRINT)
Place of publication, distribution, etc Glenvies, Illinois :
Name of publisher, distributor, etc Scott, Foresman and Company,
Date of publication, distribution, etc 1987.
300 ## - PHYSICAL DESCRIPTION
Extent P56 p.
440 ## - SERIES STATEMENT/ADDED ENTRY--TITLE
Title ScottForesman
650 ## - SUBJECT ADDED ENTRY--TOPICAL TERM
Topical term or geographic name as entry element Mathematics
Holdings
Withdrawn status Lost status Damaged status Home library Current library Shelving location Date acquired Source of acquisition Total Checkouts Full call number Barcode Date last seen Price effective from Koha item type
      Elizalde Library Elizalde Library Teachers Reference Section 03/29/2001     TR(GS 510 Se149 1987 E1611 04/12/2014 04/12/2014 Books

Invitation to mathematics: K :

APA

Shepardson R. D., . (1987). Invitation to mathematics: K. Glenvies, Illinois: Scott, Foresman and Company.

Chicago

Shepardson Richard D, . 1987. Invitation to mathematics: K. Glenvies, Illinois: Scott, Foresman and Company.

Harvard

Shepardson R. D., . (1987). Invitation to mathematics: K. Glenvies, Illinois: Scott, Foresman and Company.

MLA

Shepardson Richard D, . Invitation to mathematics: K. Glenvies, Illinois: Scott, Foresman and Company. 1987.

  • Place hold
  • Print
  • Cite
  • Add to your cart (remove)
  • Save record
    BIBTEX Dublin Core MARCXML MARC (non-Unicode/MARC-8) MARC (Unicode/UTF-8) MARC (Unicode/UTF-8, Standard) MODS (XML) RIS
  • More searches
    Search for this title in:
    Other Libraries (WorldCat) Other Databases (Google Scholar) Online Stores (Bookfinder.com) Open Library (openlibrary.org)

Exporting to Dublin Core...

SOUTHVILLE LIBRARY

Southville International School and Colleges Library

1281 Tropical Ave. Cor. Luxembourg St., BF Homes International, Las Pinas City

Tel. No. 8256374 / 252358 Loc. 117/146

Powered by Koha